header

The art of staying neutral (Record no. 142595)

MARC details
000 -LEADER
fixed length control field 01308nam a2200313Ia 4500
100 1# - MAIN ENTRY--AUTHOR NAME
Personal name Abbenhuis, Maartje M.
245 14 - TITLE STATEMENT
Title The art of staying neutral
260 ## - PUBLICATION, DISTRIBUTION, ETC. (IMPRINT)
Place of publication Amsterdam :
Name of publisher Amsterdam University Press,
Year of publication c2006.
300 ## - PHYSICAL DESCRIPTION
Number of Pages 423 p. :
Other physical details ill., maps.
650 #0 - SUBJECT ADDED ENTRY--TOPICAL TERM
Topical Term World War, 1914-1918
Topical Term Neutrality
856 40 - ELECTRONIC LOCATION AND ACCESS
Uniform Resource Identifier http://site.ebrary.com/lib/rucke/Doc?id=10182168

No items available.

© 2026 Rongo University
Contact us: librarian | system librarian | Rongo university